<?xml version="1.0" encoding="UTF-8"?>
<record
    xmlns:xsi="http://www.w3.org/2001/XMLSchema-instance"
    xsi:schemaLocation="http://www.loc.gov/MARC21/slim http://www.loc.gov/standards/marcxml/schema/MARC21slim.xsd"
    xmlns="http://www.loc.gov/MARC21/slim">

  <leader>01349nam a2200253 u 4500</leader>
  <controlfield tag="001">7045</controlfield>
  <controlfield tag="005">20260428104257.0</controlfield>
  <controlfield tag="008">951114s1994                        spa  </controlfield>
  <datafield tag="020" ind1=" " ind2=" ">
    <subfield code="a">9580703795</subfield>
  </datafield>
  <datafield tag="035" ind1=" " ind2=" ">
    <subfield code="a">7045</subfield>
  </datafield>
  <datafield tag="035" ind1=" " ind2=" ">
    <subfield code="a">(OCoLC)778198347</subfield>
  </datafield>
  <datafield tag="040" ind1=" " ind2=" ">
    <subfield code="c">comduadb</subfield>
  </datafield>
  <datafield tag="041" ind1=" " ind2=" ">
    <subfield code="a">spa</subfield>
  </datafield>
  <datafield tag="082" ind1=" " ind2="4">
    <subfield code="a">891</subfield>
  </datafield>
  <datafield tag="245" ind1="1" ind2="3">
    <subfield code="a">El diablo y otros cuentos</subfield>
  </datafield>
  <datafield tag="260" ind1=" " ind2=" ">
    <subfield code="a">Medell&#xED;n :</subfield>
    <subfield code="b">Susaeta,</subfield>
    <subfield code="c">1994.</subfield>
  </datafield>
  <datafield tag="300" ind1=" " ind2=" ">
    <subfield code="a">167 p&#xE1;ginas</subfield>
  </datafield>
  <datafield tag="505" ind1="8" ind2="0">
    <subfield code="t">Bubnoff y el demonio</subfield>
  </datafield>
  <datafield tag="505" ind1="8" ind2="0">
    <subfield code="t">El diablo que vos matais</subfield>
  </datafield>
  <datafield tag="505" ind1="8" ind2="0">
    <subfield code="t">Del diablo y otros angeles caidos</subfield>
  </datafield>
  <datafield tag="520" ind1="3" ind2=" ">
    <subfield code="a">RESUMEN : "Un rico hacendado sostiene relaciones clandestinas con una campesina casada. Poco tiempo despu&#xE9;s el hacendado contrae nupcias con una mujer de su misma posici&#xF3;n social, pero es demasiado tarde cuando se da cuenta que esta enamorado de la campesina, y tendr&#xE1; que hacer algo para evitar el esc&#xE1;ndalo. En El Diablo el protagonista se debate entre la obsesi&#xF3;n por el objeto de deseo y la culpa. La obra revela la psicolog&#xED;a del rico hacendado Eugenio Iv&#xE1;novich, angustiado personaje a quien persigue una acuciante tentaci&#xF3;n carnal que pone en peligro su equilibrio mental y aun los mismos cimientos de sus principios morales. Esta terrible pasi&#xF3;n le conducir&#xE1; a un final tr&#xE1;gico."</subfield>
  </datafield>
  <datafield tag="942" ind1=" " ind2=" ">
    <subfield code="c">BOOK</subfield>
  </datafield>
  <datafield tag="999" ind1=" " ind2=" ">
    <subfield code="c">3377</subfield>
    <subfield code="d">3377</subfield>
  </datafield>
  <datafield tag="100" ind1=" " ind2=" ">
    <subfield code="a">Tolsto&#x12D;, Lev Nikolaevich,</subfield>
    <subfield code="d">1828-1910</subfield>
    <subfield code="e">aut</subfield>
    <subfield code="9">858398</subfield>
  </datafield>
  <datafield tag="952" ind1=" " ind2=" ">
    <subfield code="0">0</subfield>
    <subfield code="1">0</subfield>
    <subfield code="4">0</subfield>
    <subfield code="7">0</subfield>
    <subfield code="8">COLIT</subfield>
    <subfield code="a">BC</subfield>
    <subfield code="b">BC</subfield>
    <subfield code="d">1999-09-13</subfield>
    <subfield code="e">Otros proveedores</subfield>
    <subfield code="g">5310.00</subfield>
    <subfield code="i">C8116</subfield>
    <subfield code="l">7</subfield>
    <subfield code="m">1</subfield>
    <subfield code="o">891.73 T654d</subfield>
    <subfield code="p">61000003735137</subfield>
    <subfield code="r">2026-04-24 18:02:40</subfield>
    <subfield code="s">2025-08-13</subfield>
    <subfield code="t">1</subfield>
    <subfield code="w">2023-04-20</subfield>
    <subfield code="y">BOOK</subfield>
  </datafield>
  <datafield tag="952" ind1=" " ind2=" ">
    <subfield code="0">0</subfield>
    <subfield code="1">0</subfield>
    <subfield code="4">0</subfield>
    <subfield code="7">0</subfield>
    <subfield code="8">COLIT</subfield>
    <subfield code="a">BC</subfield>
    <subfield code="b">BC</subfield>
    <subfield code="d">2023-04-20</subfield>
    <subfield code="i">C11038</subfield>
    <subfield code="l">1</subfield>
    <subfield code="o">891.73 T654d e3</subfield>
    <subfield code="p">61000001948187</subfield>
    <subfield code="r">2025-06-12 17:19:54</subfield>
    <subfield code="s">2024-09-20</subfield>
    <subfield code="t">2</subfield>
    <subfield code="w">2023-04-20</subfield>
    <subfield code="y">BOOK</subfield>
  </datafield>
  <datafield tag="952" ind1=" " ind2=" ">
    <subfield code="0">0</subfield>
    <subfield code="1">0</subfield>
    <subfield code="4">0</subfield>
    <subfield code="7">0</subfield>
    <subfield code="8">COLIT</subfield>
    <subfield code="a">BC</subfield>
    <subfield code="b">BC</subfield>
    <subfield code="d">1999-09-06</subfield>
    <subfield code="i">C8117</subfield>
    <subfield code="l">2</subfield>
    <subfield code="m">1</subfield>
    <subfield code="o">891.73 T654d e2</subfield>
    <subfield code="p">0690000</subfield>
    <subfield code="r">2025-11-24 18:16:03</subfield>
    <subfield code="s">2025-06-25</subfield>
    <subfield code="t">3</subfield>
    <subfield code="w">2023-04-20</subfield>
    <subfield code="y">BOOK</subfield>
  </datafield>
</record>
